Normal view
MARC view
- Harris, Sarah L.
Entry Personal Name
001 - CONTROL NUMBER
- control field: 25023
003 - CONTROL NUMBER IDENTIFIER
- control field: IN-BhIIT
005 - DATE AND TIME OF LATEST TRANSACTION
- control field: 20241213144429.0
008 - FIXED-LENGTH DATA ELEMENTS
- fixed length control field: 241213|| aca||aabn | a|a d
040 ## - CATALOGING SOURCE
- Original cataloging agency: IN-BhIIT
- Transcribing agency: IN-BhIIT
100 ## - HEADING--PERSONAL NAME
- Personal name: Harris, Sarah L.
670 ## - SOURCE DATA FOUND
- Source citation: Work cat.: (IN-BhIIT)14547: Harris, Sarah L., Author., Digital design and computer architecture /, 2016.